| 000 | 00607nam a2200193 i 4500 | ||
|---|---|---|---|
| 001 | 48989 | ||
| 003 | ES-MaACL | ||
| 005 | 20230906161848.0 | ||
| 007 | t| | ||
| 008 | 030704s1947 sp ||||1| spa d | ||
| 100 | 1 |
_aCornudella, José. _940642 |
|
| 245 | 1 | 0 |
_aTerapéutica de la tuberculosis pulmonar / _cpor José Cornudella. |
| 260 |
_aBarcelona : _bSalvat, _c1947 ( _fImp. Hispano-Americana) |
||
| 300 |
_a220 p. ; _c23 cm. |
||
| 490 | 1 |
_aManuales de medicina práctica ; _v94 |
|
| 830 | 0 |
_aManuales de medicina práctica ; _v94 _9181070 |
|
| 852 |
_aES-MaACL _jC-4188 _bR.23891 |
||
| 999 |
_c48989 _d48989 |
||